Sheehy's emergency nursing : (Record no. 801)

000 -LEADER
fixed length control field 01690nam a22004217a 4500
001 - CONTROL NUMBER
control field 17679736
003 - CONTROL NUMBER IDENTIFIER
control field OSt
005 - DATE AND TIME OF LATEST TRANSACTION
control field 20241031120016.0
008 - FIXED-LENGTH DATA ELEMENTS--GENERAL INFORMATION
fixed length control field 130330s2010 moua b 001 0 eng
010 ## - LIBRARY OF CONGRESS CONTROL NUMBER
LC control number 2012554006
020 ## - INTERNATIONAL STANDARD BOOK NUMBER
International Standard Book Number 9780323055857 (hardcover)
040 ## - CATALOGING SOURCE
Original cataloging agency DLC
Language of cataloging eng
Transcribing agency DLC
Description conventions rda
Modifying agency DLC
041 ## - LANGUAGE CODE
Language code of text/sound track or separate title eng
042 ## - AUTHENTICATION CODE
Authentication code pcc
050 00 - LIBRARY OF CONGRESS CALL NUMBER
Classification number RT120.E4
Item number E48 2010
080 ## - UNIVERSAL DECIMAL CLASSIFICATION NUMBER
Universal Decimal Classification number 616-08
Item number H-84
082 00 - DEWEY DECIMAL CLASSIFICATION NUMBER
Classification number 616.02/5
Edition number 23
245 00 - TITLE STATEMENT
Title Sheehy's emergency nursing :
Remainder of title principles and practice.
Statement of responsibility, etc. / by: Mosby/Elsevier,
246 30 - VARYING FORM OF TITLE
Title proper/short title Emergency nursing
250 ## - EDITION STATEMENT
Edition statement 6th edition
Remainder of edition statement Patricia Kunz Howard, PhD, RN, CEN, FAEN, operations manager, Emergency and Trauma Services, Universityh of Kentucky Chandler Medical Center, Lexington, Kentucky, Rebecca A. Steinmann, RN, APN, CEN, CPEN, CCRN, CCNS, clinical educator, Emergency Deparment, Edward Hospital, Naperville, Illinois.
260 ## - PUBLICATION, DISTRIBUTION, ETC.
Place of publication, distribution, etc. St. Louis, Missouri :
Name of publisher, distributor, etc. Mosby/Elsevier,
Date of publication, distribution, etc. 2010
300 ## - PHYSICAL DESCRIPTION
Extent xxii, 745 pages :
Other physical details illustrations ;
Dimensions 29 cm
336 ## - CONTENT TYPE
Content type term text
Source rdacontent
337 ## - MEDIA TYPE
Media type term unmediated
Source rdamedia
338 ## - CARRIER TYPE
Carrier type term volume
Source rdacarrier
504 ## - BIBLIOGRAPHY, ETC. NOTE
Bibliography, etc. note Includes bibliographical references and index.
650 #0 - SUBJECT ADDED ENTRY--TOPICAL TERM
Topical term or geographic name entry element Emergency nursing.
650 #0 - SUBJECT ADDED ENTRY--TOPICAL TERM
Topical term or geographic name entry element Patient Care
9 (RLIN) 285
653 ## - INDEX TERM--UNCONTROLLED
Uncontrolled term პაციენტის მოვლა
653 ## - INDEX TERM--UNCONTROLLED
Uncontrolled term პაციენტის გადაუდებელი მოვლა
700 1# - ADDED ENTRY--PERSONAL NAME
Personal name Howard, Patricia Kunz.
700 1# - ADDED ENTRY--PERSONAL NAME
Personal name Steinmann, Rebecca A.
700 1# - ADDED ENTRY--PERSONAL NAME
Personal name Sheehy, Susan Budassi,
Dates associated with a name 1948-
730 0# - ADDED ENTRY--UNIFORM TITLE
Uniform title Emergency nursing.
906 ## - LOCAL DATA ELEMENT F, LDF (RLIN)
a 7
b cbc
c origcop
d 2
e ncip
f 20
g y-gencatlg
942 ## - ADDED ENTRY ELEMENTS (KOHA)
Source of classification or shelving scheme
Koha item type Books
Edition 6
Holdings
Withdrawn status Lost status Source of classification or shelving scheme Damaged status Not for loan Permanent location Current location Date acquired Inventory number Total Checkouts Full call number Barcode Date last seen Price effective from Koha item type
          Ken Walker International University Ken Walker International University 12/22/2020 2143   616-08 H-84 2143 12/22/2020 12/22/2020 Books

Powered by Koha